000 00668nam a2200193 u 4500
005 20230926063607.0
008 140214s2009 mx r 000 0 spa d
035 _aUPN01000195854
049 _aCG
050 4 _aLB2846
_bC6.6
245 0 0 _aContra la pared :
_bestado de la educación en México 2009 /
_ccoord. David Calderón Martín del Campo.
260 _aMéxico :
_bMexicanos Primero,
_c2009.
300 _a135 p. :
_bcuadros, tablas, gráfs., il. col.
650 2 _aIndicadores educativos
_zMéxico
_910099
650 4 _aEvaluación educativa
_zMéxico
_95996
700 1 _aCalderón Martín del Campo, David,
_ecoord.
905 _aLibro
999 _c167955
_d167955